000 01132nas a2200337 4500
001 BR8706600
003 BR-BrBNA
005 20231205090859.0
007 ta
008 230509b bl.|||p| |||| 00| 00por d
040 _aBR-BrBNA
_bpor
_cBiblioteca Nacional de Agricultura
041 _a(Pt)
072 _aJ10; F03
100 1 _aBarbosa, J.M.
100 1 _aBarbosa, L.M.
100 1 _aPinto, M.M.
245 1 _aInfluencia do substrato, da temperatura e do armazenamento sobre a germinacao de sementes de quatro especies nativas [Bauhinia holophylla, Calliandra brevipes, Lafoensia replicata e Qualea grandiflora]
246 1 _a[The effect of substrate, temperature and storage on seed germination of four native species]
650 _aUNHA-DE-VACA
650 _aMANDURUVA
650 _aDEDALEIRO
650 _aPAU-TERRA
650 _aSEMENTE
650 _aGERMINACAO
650 _aSUBSTRATO
650 _aTEMPERATURA
650 _aARMAZENAMENTO
773 0 _tEcossistema (Brazil)
_xISSN 0100-4107
_g(Oct 1985), v. 10 p. 46-54
_wBR8706600
909 _a202311
_bLúcia
_c55
_dLúcia Elande
942 _2AGRIS
_n0
_cANA
999 _c121406
_d121406